000 01325nam a2200325Ia 4500
001 ebr10227134
003 CaPaEBR
006 m u
007 cr cn|||||||||
008 790208s1978 bcc sb 001 0 eng d
020 _z9780774800723
020 _z9780774858014 (ebook)
020 _z0774800720
040 _aCaPaEBR
_cCaPaEBR
035 _a(OCoLC)236350705
050 1 4 _aJZ5584.J3
_bP33 1978eb
245 0 0 _aPacifism in Japan
_h[electronic resource] :
_bthe Christian and Socialist tradition /
_cedited by Nobuya Bamba and John F. Howes ; foreword by Robert N. Bellah.
260 _aVancouver :
_bUniversity of British Columbia Press,
_cc1978.
300 _axiv, 300 p.
504 _aIncludes bibliographical references and index.
533 _aElectronic reproduction.
_bPalo Alto, Calif. :
_cebrary,
_d2009.
_nAvailable via World Wide Web.
_nAccess may be limited to ebrary affiliated libraries.
650 0 _aPacifism.
650 0 _aChristian biography
_zJapan.
650 0 _aSocialists
_zJapan
_vBiography.
651 0 _aJapan
_xHistory
_y1868-
_vBiography.
655 7 _aElectronic books.
_2local
700 1 _aBamba, Nobuya,
_d1937-
710 2 _aebrary, Inc.
856 4 0 _uhttp://site.ebrary.com/lib/rucke/Doc?id=10227134
_zAn electronic book accessible through the World Wide Web; click to view
999 _c41227
_d41227